000 00484nam a22001817a 4500
005 20251108164141.0
008 250721s1970 xx 000 0 ara d
082 1 4 _a218,6/غزا
100 1 _aالغزالي، محمد
245 1 0 _aخلق المسلم /
264 1 _aالكويت :
_bدار البيان،
_c1970.
300 _a285ص
650 1 7 _aالإسلام
650 1 7 _aالشعائر
650 1 7 _aالآداب الإسلامية
942 _2ddc
_cBK
999 _c4904
_d4904